Statistics for Top 25 Transfers - Football Season 2004/05

Click here to take the quiz!

General Stats

  • This quiz has been taken 45 times
  • The average score is 13 of 25

Answer Stats

FromToNatPosFeePlayer% Correct
MarseilleChelseaCIVST€38.50mDidier Drogba
100%
EvertonManchester UnitedENGCF€37.00mWayne Rooney
100%
PortoChelseaPORCB€30.00mRicardo Carvalho
95%
PSV EindhovenChelseaNEDRW€18.00mArjen Robben
92%
RennesChelseaCZEGK€13.00mPetr Cech
92%
MallorcaFC BarcelonaCMRST€27.00mSamuel Eto'o
89%
Real SociedadLiverpoolESPCDM€16.00mXabi Alonso
89%
PortoFC BarcelonaPORCM€21.00mDeco
86%
LiverpoolReal MadridENGST€12.00mMichael Owen
86%
AjaxJuventusSWEST€16.00mZlatan Ibrahimovic
86%
Boca JuniorsCorinthiansARGCF€15.00mCarlos Tévez
59%
AuxerreLiverpoolFRAST€20.00mDjibril Cissé
59%
Bayer LeverkusenFC BayernBRACB€12.00mLúcio
51%
PortoChelseaPORRB€20.00mPaulo Ferreira
51%
SantosChelseaBRACB€11.50mAlex
49%
NewcastleReal MadridENGCB€18.30mJonathan Woodgate
49%
RomaReal MadridARGCB€25.00mWálter Samuel
38%
RomaJuventusBRACDM€28.00mÉmerson
32%
BenficaChelseaPORCM€15.00mTiago
19%
LecceFiorentinaBULST€14.00mValeri Bojinov
11%
CSKA MoscowChelseaCZECB€12.00mJiri Jarosik
5%
LazioValenciaITACAM€17.00mStefano Fiore
5%
JuventusRomaITACN€16.00mMatteo Brighi
0%
ParmaJuventusITACM€11.50mMatteo Brighi
0%
BresciaShakhtarBRACDM€14.00mMatuzalém
0%

Score Distribution

Percentile by Number Answered

Percent of People with Each Score

Your Score History

You have not taken this quiz